UM Logo

Miss U boosts tourism; travel advisories test industry/ (Record no. 11149)

MARC details
000 -LEADER
fixed length control field 00379nam a2200121 4500
008 - FIXED-LENGTH DATA ELEMENTS--GENERAL INFORMATION
fixed length control field 181012b ||||| |||| 00| 0 eng d
100 ## - MAIN ENTRY--PERSONAL NAME
9 (RLIN) 32193
Personal name Ramirez, Robertzon
245 ## - TITLE STATEMENT
Title Miss U boosts tourism; travel advisories test industry/
Statement of responsibility, etc. Robertzon Ramirez
260 ## - PUBLICATION, DISTRIBUTION, ETC. (IMPRINT)
Place of publication, distribution, etc. Phililppines
Name of publisher, distributor, etc. The Philippine Star
Date of publication, distribution, etc. c2018
300 ## - PHYSICAL DESCRIPTION
Extent page 9.
650 #0 - SUBJECT ADDED ENTRY--TOPICAL TERM
9 (RLIN) 32194
Topical term or geographic name as entry element Tourism.
942 ## - ADDED ENTRY ELEMENTS (KOHA)
Source of classification or shelving scheme Dewey Decimal Classification
Koha item type Periodicals

No items available.